Suite Life On Deck Characters - Statistics

General Stats
  • This quiz has been taken 181 times
  • The average score is 7 of 10
Answer Stats
Hint Answer % Correct
Tipton London
100%
Older Zack
100%
Younger Cody
99%
Marion Mr. Moseby
88%
Gf of Younger Bailey
80%
Candy Girl Maddie
74%
Janitor Arwin
58%
Mom Carey
56%
BFF of Older Woody
56%
^ Cousin Milos
14%
No matching quizzes found
Score Distribution
Percent of People with Each Score
Percentile by Number Answered
Your Score History
You have not taken this quiz